01529nam a2200361 a 4500001001200000003000800012006001900020007001500039008004100054020002500095020002900120020002700149040002100176035002100197050002300218100002000241245010500261260005400366300001900420504005100439505015100490533015200641650002900793650002700822650003600849650002000885650004300905650003000948655002900978710001701007856012601024999001701150ebr10623363CaPaEBRm u cr cn|||||||||121205s2007 enkd sb 001 0 eng d z9780719076596 (pbk.) z9780719076589 (hardback) z9781847792303 (e-book) aCaPaEBRcCaPaEBR a(OCoLC)80859861014aJF799b.Q67 2007eb1 aQvortrup, Mads.14aThe politics of participationh[electronic resource] :bfrom Athens to e-democracy /cMatt Qvortrup. aManchester :bManchester University Press,c2007. a182 p. :bill. aIncludes bibliographical references and index.0 apt. I. Theoretical aspects of citizen politics -- pt. II. Empirical foundations of citizen politics -- pt. III. Case studies in citizen democracy. aElectronic reproduction.bPalo Alto, Calif. :cebrary,d2011.nAvailable via World Wide Web.nAccess may be limited to ebrary affiliated libraries. 0aPolitical participation. 0aDemocracyxPhilosophy. 0aDemocracyxPhilosophyxHistory. 0aPublic opinion. 0aPolitical participationvCase studies. 0aReferendumvCase studies. 7aElectronic books.2local2 aebrary, Inc.40uhttp://site.ebrary.com/lib/rucke/Doc?id=10623363zAn electronic book accessible through the World Wide Web; click to view c55877d55877